000 009060000a22002170004500
020 _a84-7228-340-2
041 0 _aSPA
082 0 4 _aG 173.9 S2211s
100 1 _aSands, Audrey Lee
245 1 0 _aSoltera y satisfecha / Audrey Lee Sands ; Angel Cazorla, Traductor
260 _aTarrasa, Barcelona, España : CLIE
300 _a141 Pag.
500 _aTítulo original : Single and satisfied
505 0 0 _aElegida para el servicio -- elegida para soltera -- la mañana del embalaje -- elegida para el discipulado -- ¿coexistencia o compañerismo? -- fragante femineidad -- "...como yo os he amado" -- pretendientes adecuados -- compañerismo creativo -- relaciones disciplinadas -- elegida para satisfacción
650 1 4 _aSOLTERAS - VIDA RELIGIOSA
001 1308
942 _cBK
999 _c32631
_d32631
336 _atexto
_btxt
_2rdacontent
337 _2rdamedia
_asin mediación
_bn
338 _2rdacarrier
_avolumen
_bnc